Sports Quiz

Random Sports or WWE Quiz

Steve Austin's 3:16 Promo Quiz Stats

 Plays Quiz Updated Apr 28, 2015

Challenge
Share
Tweet
Embed
Score 0/206 Timer 10:00
5 Plays Today
% Correct
a
94.6%
a
94.6%
a
94.6%
a
94.6%
a
94.6%
I
90.3%
I
90.3%
I
90.3%
I
90.3%
I
90.3%
The
84.4%
the
84.4%
the
84.4%
the
84.4%
the
84.4%
the
84.4%
the
84.4%
the
84.4%
the
84.4%
the
84.4%
you
81.4%
You
81.4%
you
81.4%
you
81.4%
you
81.4%
Austin's
79.9%
Austin
79.9%
As
78.6%
As
78.6%
as
78.6%
3:16.
74.4%
3:16
74.4%
your
73.2%
your
73.1%
your
73.1%
your
73.1%
ass!
73%
of
70.2%
of
70.2%
of
70.2%
of
70.2%
of
70.2%
of
70.2%
of
70.2%
of
70.2%
of
70.2%
of
70.2%
just
69.6%
just
69.6%
be
68.5%
so.
67.2%
Stone
67.1%
Cold's
67.1%
Stone
67.1%
Cold
67.1%
whipped
67%
say
66.8%
and
66.4%
and
66.4%
and
66.4%
and
66.4%
and
66.4%
And
66.4%
and
66.4%
And
66.4%
ring!
66.2%
ring,
66.2%
Ring,
66.2%
that
65.7%
% Correct
that
65.7%
said
63.1%
because
61.5%
says
61.2%
to
59.6%
to
59.6%
to
59.6%
to
59.6%
to
59.6%
King
57.8%
is
57%
is
57%
is
57%
John
56.5%
do
55.3%
my
54.9%
line
54.7%
bottom
54.7%
he's
54.5%
he
54.4%
go
53.3%
get
51.8%
get
51.8%
get
51.7%
get
51.7%
get
51.7%
that's
51.7%
get
51.7%
that's
51.7%
out
51.6%
out
51.6%
out
51.6%
WWF
49.7%
WWF
49.7%
WWF
49.7%
bible,
48.5%
it
48%
it
48%
want
47.8%
thing
46.8%
about
45.6%
about
45.6%
piece
44.9%
first
44.3%
Talk
44%
talk
44%
Steve
42.5%
crap
42.4%
ain't
42.2%
what
42.1%
what
42.1%
in
41.8%
him
40.9%
him
40.9%
him
40.9%
on
40.9%
Don't
40.4%
don't
40.4%
don't
40.4%
prayers,
40.1%
because
39.9%
champion.
39.3%
Psalms,
37.2%
done
36.2%
there
35.6%
thump
35.1%
got
34.4%
all
34.1%
All
34.1%
% Correct
all
34.1%
damn
33.7%
damn
33.7%
give
32.8%
give
32.8%
I'm
31.7%
I'm
31.7%
son,
31.1%
son,
31.1%
sit
30%
when
29.9%
are,
29.9%
if
29.5%
championship
29%
time
28.3%
at
28.2%
takes
27.7%
anywhere!
27.5%
they
27.4%
one
27.2%
didn't
27.2%
this
26.8%
or
26.5%
Michaels,
25.7%
you're
25.7%
Shawn
25.4%
anymore!
24.8%
has
24.7%
his
24%
come.
23.9%
list
23.8%
list
23.8%
next
23.7%
it's
23.5%
bottle
23.4%
Thunderbird
22.9%
Boy
22.1%
had
22%
them.
21.8%
every
21.7%
back
21.6%
superstars.
21.5%
some
21.2%
Smith
20%
shadow
19.8%
doubt,
19.9%
Davey
19.8%
notice
19.5%
without
19.3%
proved,
18.9%
buy
18.7%
cheap
18.7%
gotta
18.5%
match
18.4%
looking
18.2%
courage
17.8%
prime.
17.7%
shot,
17.7%
I've
17.6%
far
17.6%
through
17.4%
they're
16.4%
try
16.2%
fixin'
15.8%
serving
15.5%
start
14.4%
runnin'
13.6%
considered,
8.2%

You're not logged in!

Compare scores with friends on all Sporcle quizzes.
OR
Log In

You Might Also Like...

Show Comments

Extras

Top Quizzes Today


Score Distribution

Your Account Isn't Verified!

In order to create a playlist on Sporcle, you need to verify the email address you used during registration. Go to your Sporcle Settings to finish the process.

Report this User

Report this user for behavior that violates our Community Guidelines.

Details: